• 首页
  • 本馆介绍
  • 公告通知
  • 最新文献
  • 馆藏检索
  • 电子资源
  • 读者导购
  • 参考咨询
  • 我的图书馆
  • 登录
  • 详细信息显示
  • 放入我的书架
  • 预约/预借图书
  • 作者相关作品
  • 分类相关作品
  • 丛书相关作品
  • 出版社相关作品

书目信息

  • 表格格式
  • 工作单格式
  • 卡片格式
题名:
林业企业劳动计划的编制与检查
    
 
作者: 黄玉明 编著
分册:  
出版信息: 北京   中国林业出版社  1982.08
页数: 93页
开本: 20cm
丛书名: 林业经济管理丛书
单 册:
中图分类: F307.2
科图分类:
主题词: 农业经济学
电子资源:
ISBN:
000 00700nam0 2200229 450
001 0836913610
005 20081007101823.81
010    @dCNY0.34
091    @a4046.1015
100    @a20081007d1982 km y0chiy0120 ea
101 0  @achi
102    @aCN@b110000
200 1  @a林业企业劳动计划的编制与检查@Alin ye qi ye lao dong ji hua de bian zhi yu jian cha@f黄玉明编著@Fhuang yu ming bian zhu
210    @a北京@c中国林业出版社@d1982.08
215    @a93页@d20cm
225 2  @a林业经济管理丛书
410  0 @12001 @a林业经济管理丛书
606 0  @a农业经济学
690    @aF307.2@v4
701  0 @a黄玉明@Ahuang yu ming@4编著
801  0 @aCN@b大连网信软件有限公司图书馆·11@c20081007
905    @aBZT@dF307.2@e45
    
    林业企业劳动计划的编制与检查/黄玉明编著.-北京:中国林业出版社,1982.08
    93页;20cm.-(林业经济管理丛书)
    
    
    ISBN :CNY0.34
    
●
相关链接 在五车中查询图书 在当当中查询图书 在豆瓣中查询图书


正题名:林业企业劳动计划的编制与检查     索取号:F307.2/45         预约/预借

序号 登录号 条形码 馆藏地/架位号 状态 备注
1 026489   201247855   中心书库北库/ 北库016架B面3列4层21/ [索取号:F307.2/45] 在馆    
2 026490   201247864   中心书库北库/ 北库016架B面3列4层22/ [索取号:F307.2/45] 在馆    
山东省滨州职业学院图书馆 欢迎您!
大连网信软件有限公司© 版权所有